01151nam a2200301Ia 450000500170000000800410001702000150005804100080007310000190008124501020010025000180020230000470022050001350026752100350040265000360043765000410047365000390051465000400055365000340059370000250062770000330065226400300068533600270071533700330074233800280077504000350080308400110083820220317001742.0170328s2000 s a g 000 j s  a8480634189 aspa1 aPuig, Irene de10aJugar a pensar con cuentoscIrene de Puig y Angélica Sátiro ; ilustraciones de Regina Miranda a1a. edición a60 páginasbilustraciones a colorc22 cm aEste libro forma parte del Proyecto Noria y se complementa con la guía educativa (Jugar a pensar con niños y niñas de 4 a 5) aRecomendado desde los 3 años142LEMBaCuento infantil español142LEMBaLiteratura infantil española142LEMBaCognición en la literatura142LEMBaPsicología en la literatura142LEMBaViajes en la literatura1 aSátiro, Angélica1 aMiranda, Reginaeilustradora aBarcelonabOctaedroc2000 atextobtxt2rdacontent asin mediaciónbn2rdamedia avolumenbnc2rdacarrier aCO-BoRNBPbspaerdacCO-BoRNBP aC PUI2